<?xml version="1.0" encoding="UTF-8"?>
<record
    xmlns:xsi="http://www.w3.org/2001/XMLSchema-instance"
    xsi:schemaLocation="http://www.loc.gov/MARC21/slim http://www.loc.gov/standards/marcxml/schema/MARC21slim.xsd"
    xmlns="http://www.loc.gov/MARC21/slim">

  <leader>01255 aa a2200313   4500</leader>
  <controlfield tag="005">20120421120352.0</controlfield>
  <controlfield tag="008">081015t        xxu||||| |||| 00| 0 hin  </controlfield>
  <datafield tag="010" ind1=" " ind2=" ">
    <subfield code="a"> </subfield>
  </datafield>
  <datafield tag="020" ind1=" " ind2=" ">
    <subfield code="c">120.00</subfield>
    <subfield code="a"> </subfield>
  </datafield>
  <datafield tag="035" ind1=" " ind2=" ">
    <subfield code="a">B-211746</subfield>
  </datafield>
  <datafield tag="037" ind1=" " ind2=" ">
    <subfield code="b">DBAD / PUB</subfield>
  </datafield>
  <datafield tag="040" ind1=" " ind2=" ">
    <subfield code="a">dpl</subfield>
    <subfield code="b">hin</subfield>
  </datafield>
  <datafield tag="082" ind1=" " ind2=" ">
    <subfield code="a">370.118</subfield>
  </datafield>
  <datafield tag="100" ind1=" " ind2=" ">
    <subfield code="a">&#x917;&#x941;&#x92A;&#x94D;&#x924;&#x93E;,&#x930;&#x93E;&#x92E;&#x91A;&#x930;&#x923;&#x932;&#x93E;&#x932;</subfield>
    <subfield code="9">45534</subfield>
  </datafield>
  <datafield tag="245" ind1=" " ind2=" ">
    <subfield code="a">&#x938;&#x92E;&#x93E;&#x91C;&#x94B;&#x92A;&#x92F;&#x94B;&#x917;&#x940; &#x909;&#x924;&#x94D;&#x92A;&#x93E;&#x926;&#x915; &#x915;&#x93E;&#x930;&#x94D;&#x92F; &#x90F;&#x935;&#x902; &#x938;&#x92E;&#x93E;&#x91C; &#x938;&#x947;&#x935;&#x93E;  /</subfield>
    <subfield code="c">&#x930;&#x93E;&#x92E;&#x91A;&#x930;&#x923;&#x932;&#x93E;&#x932; &#x917;&#x941;&#x92A;&#x94D;&#x924;&#x93E;</subfield>
  </datafield>
  <datafield tag="250" ind1=" " ind2=" ">
    <subfield code="a"> </subfield>
  </datafield>
  <datafield tag="260" ind1=" " ind2=" ">
    <subfield code="a">&#x91C;&#x92F;&#x92A;&#x941;&#x930;</subfield>
    <subfield code="b">&#x92F;&#x942;&#x928;&#x93F;&#x915; &#x91F;&#x94D;&#x930;&#x947;&#x921;&#x930;&#x94D;&#x938;</subfield>
    <subfield code="c">2004</subfield>
  </datafield>
  <datafield tag="270" ind1=" " ind2=" ">
    <subfield code="b">&#x91C;&#x92F;&#x92A;&#x941;&#x930;</subfield>
    <subfield code="e"> </subfield>
    <subfield code="k"> </subfield>
    <subfield code="a"> </subfield>
  </datafield>
  <datafield tag="300" ind1=" " ind2=" ">
    <subfield code="a">184&#x92A;&#x943;</subfield>
    <subfield code="b"> </subfield>
    <subfield code="c">22&#x938;&#x947;&#x92E;&#x940; (&#x938;&#x91C;&#x93F;&#x932;&#x94D;&#x926;)</subfield>
  </datafield>
  <datafield tag="500" ind1=" " ind2=" ">
    <subfield code="a"> </subfield>
  </datafield>
  <datafield tag="610" ind1=" " ind2=" ">
    <subfield code="2"> </subfield>
    <subfield code="a">&#x938;&#x930;&#x915;&#x93E;&#x930;, &#x92C;&#x93E;&#x926;&#x932;</subfield>
    <subfield code="9">45535</subfield>
  </datafield>
  <datafield tag="650" ind1=" " ind2=" ">
    <subfield code="a">&#x938;&#x93E;&#x92E;&#x93E;&#x91C;&#x93F;&#x915; &#x915;&#x93E;&#x930;&#x94D;&#x92F;</subfield>
    <subfield code="x"> </subfield>
    <subfield code="9">45536</subfield>
  </datafield>
  <datafield tag="650" ind1=" " ind2=" ">
    <subfield code="a"> </subfield>
    <subfield code="9">45537</subfield>
  </datafield>
  <datafield tag="651" ind1=" " ind2=" ">
    <subfield code="a">Children stories</subfield>
  </datafield>
  <datafield tag="700" ind1=" " ind2=" ">
    <subfield code="a"> </subfield>
    <subfield code="9">45538</subfield>
  </datafield>
  <datafield tag="942" ind1=" " ind2=" ">
    <subfield code="a">dpl</subfield>
    <subfield code="c">HN</subfield>
    <subfield code="k"> </subfield>
    <subfield code="2">ddc</subfield>
    <subfield code="h">370.118</subfield>
    <subfield code="m">&#x917;&#x941;&#x92A;&#x94D;&#x924;&#x93E;&#x930;&#x93E;</subfield>
  </datafield>
  <datafield tag="999" ind1=" " ind2=" ">
    <subfield code="c">65405</subfield>
    <subfield code="d">65405</subfield>
  </datafield>
  <datafield tag="952" ind1=" " ind2=" ">
    <subfield code="0">0</subfield>
    <subfield code="1">0</subfield>
    <subfield code="2">ddc</subfield>
    <subfield code="4">0</subfield>
    <subfield code="7">0</subfield>
    <subfield code="8">NFIC</subfield>
    <subfield code="a">ZLS</subfield>
    <subfield code="b">ZLS</subfield>
    <subfield code="d">2012-04-21</subfield>
    <subfield code="g">120.00</subfield>
    <subfield code="l">1</subfield>
    <subfield code="o">370.118 &#x917;&#x941;&#x92A;&#x94D;&#x924;&#x93E;&#x930;&#x93E;</subfield>
    <subfield code="p">B-211746</subfield>
    <subfield code="r">2018-10-12 00:00:00</subfield>
    <subfield code="s">2018-10-01</subfield>
    <subfield code="v">120.00</subfield>
    <subfield code="w">2012-04-21</subfield>
    <subfield code="y">HN</subfield>
  </datafield>
</record>
